<?xml version="1.0" encoding="UTF-8"?><?xml-stylesheet type="text/xsl" href="static/style.xsl"?><OAI-PMH xmlns="http://www.openarchives.org/OAI/2.0/" xmlns:xsi="http://www.w3.org/2001/XMLSchema-instance" xsi:schemaLocation="http://www.openarchives.org/OAI/2.0/ http://www.openarchives.org/OAI/2.0/OAI-PMH.xsd"><responseDate>2026-06-02T15:20:17Z</responseDate><request verb="GetRecord" identifier="oai:riubu.ubu.es:10259/10198" metadataPrefix="marc">https://riubu.ubu.es/oai/request</request><GetRecord><record><header><identifier>oai:riubu.ubu.es:10259/10198</identifier><datestamp>2025-02-13T11:03:27Z</datestamp><setSpec>com_10259_6171</setSpec><setSpec>com_10259_5086</setSpec><setSpec>com_10259_2604</setSpec><setSpec>col_10259_7105</setSpec></header><metadata><record xmlns="http://www.loc.gov/MARC21/slim" xmlns:doc="http://www.lyncode.com/xoai" xmlns:xsi="http://www.w3.org/2001/XMLSchema-instance" xmlns:dcterms="http://purl.org/dc/terms/" xsi:schemaLocation="http://www.loc.gov/MARC21/slim http://www.loc.gov/standards/marcxml/schema/MARC21slim.xsd">
<leader>00925njm 22002777a 4500</leader>
<datafield tag="042" ind1=" " ind2=" ">
<subfield code="a">dc</subfield>
</datafield>
<datafield tag="720" ind1=" " ind2=" ">
<subfield code="a">Manso Morato, Javier</subfield>
<subfield code="e">author</subfield>
</datafield>
<datafield tag="720" ind1=" " ind2=" ">
<subfield code="a">Hurtado Alonso, Nerea</subfield>
<subfield code="e">author</subfield>
</datafield>
<datafield tag="720" ind1=" " ind2=" ">
<subfield code="a">Revilla Cuesta, Víctor</subfield>
<subfield code="e">author</subfield>
</datafield>
<datafield tag="720" ind1=" " ind2=" ">
<subfield code="a">Skaf Revenga, Marta</subfield>
<subfield code="e">author</subfield>
</datafield>
<datafield tag="720" ind1=" " ind2=" ">
<subfield code="a">Ortega López, Vanesa</subfield>
<subfield code="e">author</subfield>
</datafield>
<datafield tag="720" ind1=" " ind2=" ">
<subfield code="a">Manso Villalaín, Juan Manuel</subfield>
<subfield code="e">author</subfield>
</datafield>
<datafield tag="260" ind1=" " ind2=" ">
<subfield code="c">2023</subfield>
</datafield>
<datafield tag="520" ind1=" " ind2=" ">
<subfield code="a">Muchos de los primeros aerogeneradores están acercándose al final de su vida útil. Así, sus palas deben ser&#xd;
desmanteladas, necesitando soluciones para su reciclaje innovadoras, por los materiales que la componen.&#xd;
Esta solución aborda su tratamiento mediante corte y machaqueo, generando así Triturado de Pala de&#xd;
Aerogenerador (TPA), válido para su incorporación en hormigón. Se realizó un diseño del hormigón&#xd;
específico para contenidos de TPA de hasta el 6% vol., para asegurar su adecuado comportamiento.&#xd;
Además, se desarrolló un proceso de mezcla con 5 etapas con correcciones de plastificante según el&#xd;
porcentaje de residuo añadido. Al añadir TPA al hormigón se obtuvieron mejores resultados en capacidad&#xd;
portante, aunque se produjo una leve disminución en resistencia a compresión. Este enfoque ofrece una&#xd;
solución válida para el reciclaje de palas de aerogeneradores.</subfield>
</datafield>
<datafield tag="024" ind2=" " ind1="8">
<subfield code="a">978-84-9927-761-5</subfield>
</datafield>
<datafield tag="024" ind2=" " ind1="8">
<subfield code="a">http://hdl.handle.net/10259/10198</subfield>
</datafield>
<datafield tag="245" ind1="0" ind2="0">
<subfield code="a">Caracterización e idoneidad de la utilización de triturado de palas de aerogenerador en la producción de hormigón</subfield>
</datafield>
</record></metadata></record></GetRecord></OAI-PMH>